000 00879nam a2200157 a 4500
001 000044674
005 20201002045539.0
008 141216s2012 dr 000 0 spa d
040 _aDO-SdBNP
_bspa
_cBNPHU
082 _axxxx
_bxxxx
110 1 _aRepública Dominicana
_bPoder Judicial
_bJurisdicción Inmobiliaria
_972679
245 1 0 _aGuía de la jurisdicción inmobiliaria :
_bdirectorio de los tribunales, registros de títulos, mensuras, abogado del estado e información general.
260 _aSanto Domingo :
_bPoder Judicial,
_bDirección Nacional de Registro de Títulos,
_c[2012].
300 _a42 p. ;
_c21 cm.
500 _aPublicación especial auspiciada por la dirección nacional de registro de títulos de la República Dominicana, bajo la supervisión de la directora nacional, Dra. Rosabell Castillo expresamente autorizada por su autor Dr. Wilson S. Gómez Ramírez.
999 _c44163
_d44163